000 00706nam a22002297a 4500
003 UA-OsUOA
001 50061
007 ta
008 20140515b un ||||| |||| 00| 0 ukr d
090 _a82-6
942 _cBK
040 _aUA-OsUOA
_blat
_cUA-OsUOA
_dUA-OsUOA
245 _aLitterae Nuntiorum Apostolicorum Historiam Ucrainae Illustrantes (1550-1850)
_bVol. II
_c1594-1608
300 _a329 p.
955 _a1
041 _alat
080 _a82-6
260 _aRomae
_bPP. Basiliani
_c1959
650 7 _a82 Література. Літературознавство
_2UDC
999 _c430185
_d430185